<?xml version="1.0" encoding="UTF-8"?>
<record
    xmlns:xsi="http://www.w3.org/2001/XMLSchema-instance"
    xsi:schemaLocation="http://www.loc.gov/MARC21/slim http://www.loc.gov/standards/marcxml/schema/MARC21slim.xsd"
    xmlns="http://www.loc.gov/MARC21/slim">

  <leader>00450nam a2200169Ia 4500</leader>
  <controlfield tag="008">230711s9999||||xx |||||||||||||| ||und||</controlfield>
  <datafield tag="020" ind1=" " ind2=" ">
    <subfield code="a">978-81-7409-120-8</subfield>
  </datafield>
  <datafield tag="041" ind1=" " ind2=" ">
    <subfield code="a">ENG</subfield>
  </datafield>
  <datafield tag="082" ind1=" " ind2=" ">
    <subfield code="a">628.1</subfield>
    <subfield code="b">GA-W</subfield>
  </datafield>
  <datafield tag="100" ind1=" " ind2=" ">
    <subfield code="a">Garg Santosh Kumar</subfield>
  </datafield>
  <datafield tag="245" ind1=" " ind2="0">
    <subfield code="a">Water Supply Engineering: Environmental Engineering Vol- I</subfield>
  </datafield>
  <datafield tag="250" ind1=" " ind2=" ">
    <subfield code="a">35th Ed.</subfield>
  </datafield>
  <datafield tag="260" ind1=" " ind2=" ">
    <subfield code="c">2022</subfield>
    <subfield code="a">New Delhi</subfield>
    <subfield code="b">Khanna Publishers</subfield>
  </datafield>
  <datafield tag="300" ind1=" " ind2=" ">
    <subfield code="a">1088p.</subfield>
  </datafield>
  <datafield tag="650" ind1=" " ind2=" ">
    <subfield code="a">Civil Engineering</subfield>
  </datafield>
  <datafield tag="942" ind1=" " ind2=" ">
    <subfield code="c">BK</subfield>
  </datafield>
  <datafield tag="952" ind1=" " ind2=" ">
    <subfield code="0">0</subfield>
    <subfield code="1">0</subfield>
    <subfield code="4">0</subfield>
    <subfield code="7">0</subfield>
    <subfield code="8">C</subfield>
    <subfield code="a">MCL</subfield>
    <subfield code="b">MCL</subfield>
    <subfield code="d">0000-00-00</subfield>
    <subfield code="e">Technical Bureau India PVT.LTD</subfield>
    <subfield code="g">699.00</subfield>
    <subfield code="i">TB46744713</subfield>
    <subfield code="l">9</subfield>
    <subfield code="o">628.1 GA-W</subfield>
    <subfield code="p">40881</subfield>
    <subfield code="r">2026-03-25 10:24:49</subfield>
    <subfield code="s">2026-01-20</subfield>
    <subfield code="w">2023-08-17</subfield>
    <subfield code="y">BK</subfield>
  </datafield>
  <datafield tag="952" ind1=" " ind2=" ">
    <subfield code="0">0</subfield>
    <subfield code="1">0</subfield>
    <subfield code="4">0</subfield>
    <subfield code="7">0</subfield>
    <subfield code="8">C</subfield>
    <subfield code="a">MCL</subfield>
    <subfield code="b">MCL</subfield>
    <subfield code="d">0000-00-00</subfield>
    <subfield code="e">Technical Bureau India PVT.LTD</subfield>
    <subfield code="g">699.00</subfield>
    <subfield code="i">TB46744713</subfield>
    <subfield code="l">0</subfield>
    <subfield code="o">628.1 GA-W</subfield>
    <subfield code="p">40882</subfield>
    <subfield code="r">2023-08-17 14:59:49</subfield>
    <subfield code="w">2023-08-17</subfield>
    <subfield code="y">BK</subfield>
  </datafield>
  <datafield tag="952" ind1=" " ind2=" ">
    <subfield code="0">0</subfield>
    <subfield code="1">0</subfield>
    <subfield code="4">0</subfield>
    <subfield code="7">0</subfield>
    <subfield code="8">C</subfield>
    <subfield code="a">MCL</subfield>
    <subfield code="b">MCL</subfield>
    <subfield code="d">0000-00-00</subfield>
    <subfield code="e">Technical Bureau India PVT.LTD</subfield>
    <subfield code="g">699.00</subfield>
    <subfield code="i">TB46744713</subfield>
    <subfield code="l">5</subfield>
    <subfield code="o">628.1 GA-W</subfield>
    <subfield code="p">40883</subfield>
    <subfield code="r">2026-03-11 15:37:20</subfield>
    <subfield code="s">2026-02-18</subfield>
    <subfield code="w">2023-08-17</subfield>
    <subfield code="y">BK</subfield>
  </datafield>
  <datafield tag="952" ind1=" " ind2=" ">
    <subfield code="0">0</subfield>
    <subfield code="1">0</subfield>
    <subfield code="4">0</subfield>
    <subfield code="7">0</subfield>
    <subfield code="8">C</subfield>
    <subfield code="a">MCL</subfield>
    <subfield code="b">MCL</subfield>
    <subfield code="d">0000-00-00</subfield>
    <subfield code="e">Technical Bureau India PVT.LTD</subfield>
    <subfield code="g">699.00</subfield>
    <subfield code="i">TB46744713</subfield>
    <subfield code="l">14</subfield>
    <subfield code="o">628.1 GA-W</subfield>
    <subfield code="p">40884</subfield>
    <subfield code="q">2026-05-18</subfield>
    <subfield code="r">2026-04-27 10:26:30</subfield>
    <subfield code="s">2026-04-27</subfield>
    <subfield code="w">2023-08-17</subfield>
    <subfield code="y">BK</subfield>
  </datafield>
  <datafield tag="952" ind1=" " ind2=" ">
    <subfield code="0">0</subfield>
    <subfield code="1">0</subfield>
    <subfield code="4">0</subfield>
    <subfield code="7">0</subfield>
    <subfield code="8">C</subfield>
    <subfield code="a">MCL</subfield>
    <subfield code="b">MCL</subfield>
    <subfield code="d">0000-00-00</subfield>
    <subfield code="e">Technical Bureau India PVT.LTD</subfield>
    <subfield code="g">699.00</subfield>
    <subfield code="i">TB46744713</subfield>
    <subfield code="l">4</subfield>
    <subfield code="o">628.1 GA-W</subfield>
    <subfield code="p">40885</subfield>
    <subfield code="r">2026-03-09 10:22:12</subfield>
    <subfield code="s">2026-02-23</subfield>
    <subfield code="w">2023-08-17</subfield>
    <subfield code="y">BK</subfield>
  </datafield>
  <datafield tag="952" ind1=" " ind2=" ">
    <subfield code="0">0</subfield>
    <subfield code="1">0</subfield>
    <subfield code="4">0</subfield>
    <subfield code="7">0</subfield>
    <subfield code="8">C</subfield>
    <subfield code="a">MCL</subfield>
    <subfield code="b">MCL</subfield>
    <subfield code="d">0000-00-00</subfield>
    <subfield code="e">Technical Bureau India PVT.LTD</subfield>
    <subfield code="g">699.00</subfield>
    <subfield code="i">TB46744713</subfield>
    <subfield code="l">8</subfield>
    <subfield code="o">628.1 GA-W</subfield>
    <subfield code="p">40886</subfield>
    <subfield code="q">2026-05-08</subfield>
    <subfield code="r">2026-04-17 14:27:52</subfield>
    <subfield code="s">2026-04-17</subfield>
    <subfield code="w">2023-08-17</subfield>
    <subfield code="y">BK</subfield>
  </datafield>
  <datafield tag="952" ind1=" " ind2=" ">
    <subfield code="0">0</subfield>
    <subfield code="1">0</subfield>
    <subfield code="4">0</subfield>
    <subfield code="7">0</subfield>
    <subfield code="8">C</subfield>
    <subfield code="a">MCL</subfield>
    <subfield code="b">MCL</subfield>
    <subfield code="d">0000-00-00</subfield>
    <subfield code="e">Technical Bureau India PVT.LTD</subfield>
    <subfield code="g">699.00</subfield>
    <subfield code="i">TB46744713</subfield>
    <subfield code="l">3</subfield>
    <subfield code="o">628.1 GA-W</subfield>
    <subfield code="p">40887</subfield>
    <subfield code="r">2026-03-09 10:22:24</subfield>
    <subfield code="s">2026-02-23</subfield>
    <subfield code="w">2023-08-17</subfield>
    <subfield code="y">BK</subfield>
  </datafield>
  <datafield tag="952" ind1=" " ind2=" ">
    <subfield code="0">0</subfield>
    <subfield code="1">0</subfield>
    <subfield code="4">0</subfield>
    <subfield code="7">0</subfield>
    <subfield code="8">C</subfield>
    <subfield code="a">MCL</subfield>
    <subfield code="b">MCL</subfield>
    <subfield code="d">0000-00-00</subfield>
    <subfield code="e">Technical Bureau India PVT.LTD</subfield>
    <subfield code="g">699.00</subfield>
    <subfield code="i">TB46744713</subfield>
    <subfield code="l">3</subfield>
    <subfield code="o">628.1 GA-W</subfield>
    <subfield code="p">40888</subfield>
    <subfield code="r">2026-02-20 09:32:46</subfield>
    <subfield code="s">2025-02-11</subfield>
    <subfield code="w">2023-08-17</subfield>
    <subfield code="y">BK</subfield>
  </datafield>
  <datafield tag="952" ind1=" " ind2=" ">
    <subfield code="0">0</subfield>
    <subfield code="1">0</subfield>
    <subfield code="4">0</subfield>
    <subfield code="7">0</subfield>
    <subfield code="8">C</subfield>
    <subfield code="a">MCL</subfield>
    <subfield code="b">MCL</subfield>
    <subfield code="d">0000-00-00</subfield>
    <subfield code="e">Technical Bureau India PVT.LTD</subfield>
    <subfield code="g">699.00</subfield>
    <subfield code="i">TB46744713</subfield>
    <subfield code="l">4</subfield>
    <subfield code="o">628.1 GA-W</subfield>
    <subfield code="p">40889</subfield>
    <subfield code="r">2025-05-22 16:39:34</subfield>
    <subfield code="s">2025-04-17</subfield>
    <subfield code="w">2023-08-17</subfield>
    <subfield code="y">BK</subfield>
  </datafield>
  <datafield tag="952" ind1=" " ind2=" ">
    <subfield code="0">0</subfield>
    <subfield code="1">0</subfield>
    <subfield code="4">0</subfield>
    <subfield code="7">0</subfield>
    <subfield code="8">C</subfield>
    <subfield code="a">MCL</subfield>
    <subfield code="b">MCL</subfield>
    <subfield code="d">0000-00-00</subfield>
    <subfield code="e">Technical Bureau India PVT.LTD</subfield>
    <subfield code="g">699.00</subfield>
    <subfield code="i">TB46744713</subfield>
    <subfield code="l">6</subfield>
    <subfield code="o">628.1 GA-W</subfield>
    <subfield code="p">40890</subfield>
    <subfield code="r">2025-06-30 10:11:04</subfield>
    <subfield code="s">2025-04-21</subfield>
    <subfield code="w">2023-08-17</subfield>
    <subfield code="y">BK</subfield>
  </datafield>
  <datafield tag="999" ind1=" " ind2=" ">
    <subfield code="c">6921</subfield>
    <subfield code="d">6921</subfield>
  </datafield>
</record>
